| 000 | 00940nam a22002777a 4500 | ||
|---|---|---|---|
| 001 | 6549 | ||
| 003 | FISKH | ||
| 005 | 20250509092724.0 | ||
| 008 | 250509b cb ||||| |||| 00| 0 eng d | ||
| 020 | _a033500905063 | ||
| 040 |
_aFISKH _beng _cFISKH _dFISKH |
||
| 050 | _aPZ7 | ||
| 082 | _a813.54 | ||
| 100 | _aOttum, Bob | ||
| 245 |
_aBig and little are not the same / _cby Bob Ottum ; illustrated by George Buckett |
||
| 260 |
_aNew York : _bA Golden Book, _c1972, |
||
| 300 |
_a26 unnumbered pages : _bcolor illustrations ; _c17 cm |
||
| 505 | _aG | ||
| 520 | _aA simple introduction to the opposite meanings of such antonyms as big and little, clean and dirty, happy and sad, wet and dry, high and low, tall and short, and noisy and quiet. | ||
| 521 | 8 |
_a300
_bLexile |
|
| 521 | 8 |
_aG
_bRaz-Plus |
|
| 650 |
_aEducational _vKids |
||
| 700 |
_aBuckett, George _eillustrator |
||
| 942 |
_2ddc _cBK _n0 |
||
| 999 |
_c6549 _d6549 |
||